Dušan Samuel Jurkovič : Projekty, rekonstrukce a stavby (nejen) na Náchodsku /
Gespeichert in:
| 1. Verfasser: | |
|---|---|
| Format: | Buch |
| Sprache: | Tschechisch |
| Veröffentlicht: |
Nové Město nad Metují :
Nové Město nad Metují, Městská knihovna, Poznávání - o. s.,
2012
|
| Ausgabe: | 1. vydanie |
| Schlagworte: | |
| Tags: |
Keine Tags, Fügen Sie das erste Tag hinzu!
|
MARC
| LEADER | 00000nam a22000003a 4500 | ||
|---|---|---|---|
| 001 | 0078059 | ||
| 003 | SK-STU | ||
| 005 | 20191129145121.2 | ||
| 007 | ta | ||
| 008 | 191129s ----xo-----e------000-0-----d | ||
| 020 | |a 978-80-87743-00-3 | ||
| 040 | |a STU |b slo | ||
| 041 | 0 | |a cze | |
| 044 | |a xr | ||
| 100 | 1 | |a Havlík, Vlastimil |4 aut | |
| 245 | 1 | 0 | |a Dušan Samuel Jurkovič : |b Projekty, rekonstrukce a stavby (nejen) na Náchodsku / |c aut. Vlastimil Havlík |
| 250 | |a 1. vydanie | ||
| 260 | |a Nové Město nad Metují : |b Nové Město nad Metují, Městská knihovna, Poznávání - o. s., |c 2012 | ||
| 300 | |a 144 s. | ||
| 650 | 0 | 7 | |a Dušan Jurkovič |
| 650 | 0 | 7 | |a architektonické dielo |
| 996 | |b 284AU08189 |c A* 11446/U |l AAKNST |s P |a 0 |w 0078059_0001 | ||